Contending approaches to international politics

Na minha lista:
Detalhes bibliográficos
Principais autores: Knorr, Klaus E (Autor), Rosenau, James N (Autor)
Formato: Livro
Idioma:inglês
Publicado em: Princeton Princeton University 1969
Assuntos:
Tags: Adicionar Tag
Sem tags, seja o primeiro a adicionar uma tag!

MARC

LEADER 00000nam a2200000 a 4500
001 UCO8216
003 CL-VaPUC
008 001201e19690000us |||||||||||||||||eng|d
082 0 4 |a 327  |b KNO  |2 21 
100 |a Knorr, Klaus E  |e author  |9 453164 
700 0 |a Rosenau, James N  |e author  |9 453057 
245 1 0 |a Contending approaches to international politics 
300 |a 297 p 
942 |c BK 
945 |d 20001201 00:00:00  |a crobeson 
260 |a Princeton  |b Princeton University  |c 1969 
500 |a Donación del profesor Manfred Wilhelmy von Wolff 
650 0 |a Relaciones Internacionales  |9 255740 
650 0 |a Política internacional  |9 255813 
650 0 |a Ciencias Políticas  |9 255201 
650 0 |a Ciencias sociales   |9 256351 
583 |a last modification  |c 20171205 02:31:04  |k Rodrigo Vera 
999 |c 292942  |d 292940 
952 |0 0  |1 0  |4 0  |6 327_000000000000000_KNO_1969  |7 0  |8 A  |9 344024  |a BIBHIS  |b BIBHIS  |d 2019-11-20  |i 1230697  |o 327 KNO 1969  |p 1230697  |r 2025-01-20  |w 2019-11-20  |y BK  |k HIS